[Event "SVK-chT 0405"]
[Site "Slovakia"]
[Date "2004.11.14"]
[Round "2"]
[White "Strachan, Jan"]
[Black "Behul, Pavol"]
[Result "1-0"]
[WhiteElo "2226"]
[BlackElo "2157"]
[PlyCount "86"]
[EventDate "2004.11.13"]
[EventType "team-tourn"]
[EventRounds "11"]
[EventCountry "SVK"]
[SourceTitle "EXT 2019"]
[Source "ChessBase"]
[SourceDate "2018.10.10"]
[SourceVersion "1"]
[SourceVersionDate "2018.10.10"]
[SourceQuality "1"]
[WhiteTeam "Komarno"]
[BlackTeam "Nitra"]
[WhiteTeamCountry "SVK"]
[BlackTeamCountry "SVK"]

1. e4 c5 2. Nf3 Nc6 3. Bb5 g6 4. Bxc6 bxc6 5. 0-0 Bg7 6. d3 d6 7. Nc3 e5 8. Nd2 Ne7 9. Qe2 Bh6 10. Nc4 Bxc1 11. Raxc1 g5 12. Qd2 Ng6 13. Ne2 Nf4 14. c3 Bg4 15. f3 Be6 16. b3 Nxe2+ 17. Qxe2 Bxc4 18. dxc4 Qe7 19. Rfd1 Kd7 20. b4 Kc7 21. Rd2 Rhb8 22. a3 f6 23. Rcd1 a5 24. b5 a4 25. Qd3 Rd8 26. Rb1 Qe8 27. Rbb2 Qe6 28. bxc6 Kxc6 29. Rb5 Rdb8 30. Rdb2 Kc7 31. Qd5 Rxb5 32. Rxb5 Qxd5 33. cxd5 h5 34. Kf2 h4 35. h3 Rb8 36. Rxb8 Kxb8 37. g3 Kc7 38. gxh4 gxh4 39. f4 Kd7 40. Kf3 Ke7 41. Kg4 Kf7 42. Kf5 exf4 43. Kxf4 Kg6 1-0

[Event "SVK Cup"]
[Site "Trencianske Teplice"]
[Date "2002.03.31"]
[Round "3"]
[White "Kotan, Ladislav"]
[Black "Strachan, Jan"]
[Result "1/2-1/2"]
[WhiteElo "2350"]
[BlackElo "2219"]
[PlyCount "106"]
[EventDate "2002.03.29"]
[EventType "team"]
[EventRounds "3"]
[EventCountry "SVK"]
[SourceTitle "CBM 087 Extra"]
[Source "ChessBase"]
[SourceDate "2002.05.03"]
[SourceVersion "2"]
[SourceVersionDate "2002.08.09"]
[SourceQuality "1"]

1. e4 g6 2. d4 c6 3. Nc3 Bg7 4. Nf3 d6 5. Be3 Nf6 6. h3 0-0 7. Qd2 Qa5 8. Bd3 e5 9. dxe5 dxe5 10. Bh6 Nbd7 11. 0-0 Qc7 12. Qg5 Re8 13. Ne2 Nc5 14. Ng3 Qe7 15. Bxg7 Kxg7 16. Rae1 h6 17. Qe3 Kh7 18. b3 b6 19. a4 Qc7 20. Bc4 Be6 21. Qc3 Bxc4 22. Qxc4 Ne6 23. Ne2 Nh5 24. g3 a6 25. Qc3 f6 26. Rd1 Rad8 27. Nc1 Nc5 28. Qe3 Rxd1 29. Rxd1 Rd8 30. Nd3 Nxd3 31. Rxd3 a5 32. Nd2 Ng7 33. Nc4 Rxd3 34. Qxd3 Ne6 35. h4 h5 36. Nd2 Nc5 37. Qe3 Ne6 38. Kg2 Qd8 39. Qc3 Nc5 40. Qe3 Ne6 41. Nc4 Nd4 42. Qd3 Qc7 43. Ne3 Kg7 44. Qa6 Qb8 45. Qc4 Qg8 46. Qa6 Qb8 47. Kf1 Kf8 48. Qc4 Qd6 49. Kg2 Kg7 50. Qa6 Qb8 51. Nc4 Nxc2 52. Nxb6 Qd6 53. Qe2 Nd4 1/2-1/2

[Event "SVK-chT 0001"]
[Site "Slovakia"]
[Date "2001.01.28"]
[Round "7"]
[White "Strachan, Jan"]
[Black "Biro, Karol"]
[Result "1-0"]
[WhiteElo "2209"]
[BlackElo "2237"]
[PlyCount "140"]
[EventDate "2000.10.21"]
[EventType "team"]
[EventRounds "11"]
[EventCountry "SVK"]
[SourceTitle "EXT 2002"]
[Source "ChessBase"]
[SourceDate "2001.11.25"]
[SourceVersion "1"]
[SourceVersionDate "2001.11.25"]
[SourceQuality "1"]

1. e4 c5 2. Nf3 Nc6 3. Bb5 g6 4. Bxc6 dxc6 5. d3 Bg7 6. 0-0 Nf6 7. Nc3 0-0 8. Bd2 Nd7 9. Qc1 Re8 10. Nd1 e5 11. Ne3 Nf8 12. Bc3 Qc7 13. b3 Ne6 14. Re1 Nd4 15. Nd2 Qe7 16. a4 b6 17. Qd1 Bd7 18. Nef1 Rf8 19. h3 Rad8 20. Nf3 Bc8 21. Nxd4 cxd4 22. Bd2 a5 23. Qc1 Rfe8 24. Nh2 c5 25. f4 exf4 26. Bxf4 Bb7 27. Qd2 Rc8 28. Nf3 Rc6 29. Rf1 f6 30. h4 Re6 31. Rf2 Qd8 32. Raf1 Rf8 33. Bh6 Re7 34. Bxg7 Kxg7 35. Qf4 Qc7 36. Nd2 Qxf4 37. Rxf4 Re6 38. g4 h6 39. Kh2 Rb8 40. Kg3 Ba6 41. Ra1 Rbe8 42. Rf2 R8e7 43. Kh3 Rc6 44. Kg3 Bc8 45. Raf1 Bd7 46. Nc4 Be8 47. Rf3 Bf7 48. g5 hxg5 49. hxg5 f5 50. exf5 gxf5 51. Rxf5 Bxc4 52. bxc4 Re3+ 53. Kg4 Re2 54. Rf7+ Kg6 55. R1f6+ Rxf6 56. Rxf6+ Kg7 57. Rxb6 Rg2+ 58. Kf5 Rxc2 59. Rb7+ Kg8 60. Rc7 Rc3 61. Rxc5 Rxd3 62. Rxa5 Rc3 63. Kf6 Rf3+ 64. Ke5 d3 65. Rd5 Rg3 66. Ke4 Kf7 67. Rxd3 Rxg5 68. Kd4 Ra5 69. Re3 Rxa4 70. Kc5 Ra5+ 1-0